000 01259cab a22002055a 4500
001 L152613
008 110405e20110325xxk 000 0 eng d
035 _a(Sirsi) u152613
041 0 _aeng
100 1 _aEade, Christine
245 0 0 _aMarkets
_bEast of England
260 _v2011
490 0 _aProperty Week
_v77(12) 25 March 2011, 41-52(5)
520 _aCambridge station area is centre of office redevelopment as high demand and tight supply fuels Cambridge's first business district. Plans to expand Great Yarmouth's Miller's Market Gates shopping centre by 20 500 sq ft. Norfolk Primary Care Trust halves selling price of St Andrew's House, a former psychiatric hospital, outside Norwich. Shearer Property Group's Mint Quarter shopping centre development in Ipswich has been disregarded by Borough Council. Retailers in Norwich's Chapelfield shopping centre are challenging rent increases. Cambridge college landlords seek specialist retail tenants after New Economic Foundation's 2010 report gave Cambridge clone town label.
590 _aKA
651 4 _aEast of England
690 _aPROPERTY-COMMERCIAL PROPERTY-COMMERCIAL PROPERTY MARKET
690 _aPROPERTY-COMMERCIAL PROPERTY-COMMERCIAL PROPERTY FINANCE AND INVESTMENT
942 _n0
999 _c83025
_d83025